000
00240 a2200097 4500
001
44222
100
_a
Frye, R.N
245
_a
The golden age of persig the arabs the east
260
_a
London
_b
Weidenfeld nicolson
_c
090
_c
27961
_d
27961
942
_a
NUST-CAE
_c
M
_c
19959
999
_c
279295
_d
279295